Siebzehn Agyptische Götter : ein jüdischer Gott : die Agyptischen Wurzeln des Monotheismus /

محفوظ في:

المؤلف الرئيسي: Zauzich, Karl-Theodor (مؤلف)

التنسيق: كتاب

اللغة: German

منشور في: Sommerhausen : Gisela Zauzich Verlag, 2017.

الطبعة: 1. Auflage.

الموضوعات:

الوسوم: إضافة وسم

لا توجد وسوم, كن أول من يضع وسما على هذه التسجيلة!

رقم الطلب: BL2441.3 .Z389 2017

LEADER 00772namaa2200241 4500
003 OSt
005 20250929105746.0
008 130303s2017 gw b 001 0 ger d
020 |a 9783924151096 
040 |c ARCE Library 
043 |a f-ua--- 
050 4 |a BL2441.3 .Z389 2017 
100 1 |a Zauzich, Karl-Theodor,   |e author,   |9 42612 
245 1 0 |a Siebzehn Agyptische Götter :   |b ein jüdischer Gott : die Agyptischen Wurzeln des Monotheismus /   |c Karl Theodor Zauzich. 
250 |a 1. Auflage. 
264 1 |a Sommerhausen :   |b Gisela Zauzich Verlag,   |c 2017. 
300 |a 184 pages ;  |c 25 cm. 
504 |a Includes bibliograhical refrences and indexes. 
650 0 |a Monotheism  |z Egypt. 
651 0 |a Egypt  |x Religion. 
901 |a reviewed 
942 |c BK  |2 lcc 
999 |c 7377  |d 7377